Η πολεμική προπαρασκευή της Ελλάδος 1923-1940

Αποθηκεύτηκε σε:
Λεπτομέρειες βιβλιογραφικής εγγραφής
Κύριος συγγραφέας: Δεσποτόπουλος, Αλέξανδρος Ι., 1913-2004
Συγγραφή απο Οργανισμό/Αρχή: Ακαδημία Αθηνών. Κέντρον Ερεύνης της Ελληνικής Κοινωνίας
Μορφή: Βιβλίο
Γλώσσα:Greek
Δημοσίευση: Αθήνα : Ακαδημία Αθηνών, Κέντρον Ερεύνης της Ελληνικής Κοινωνίας, 1998
Σειρά:Δημοσιεύματα του Κέντρου Ερεύνης της Ελληνικής Κοινωνίας ; ; 7
Θέματα:
Ετικέτες: Προσθήκη ετικέτας
Δεν υπάρχουν, Καταχωρήστε ετικέτα πρώτοι!

MARC

LEADER 00000cam a2200000 i 4500
001 1/88234
008 051031s1998 gr | ||| |||| ||gre||
020 |a 9607099621 
035 |l 10081029 
040 |a GR-MY-UA  |b gre  |e aacr 
041 0 |a gre 
082 0 |a 940.5  |2 (22) 
100 1 |a Δεσποτόπουλος, Αλέξανδρος Ι.,   |d 1913-2004. 
245 1 2 |a Η πολεμική προπαρασκευή της Ελλάδος 1923-1940 /  |c Αλέξανδρου Ι. Δεσποτόπουλου 
260 |a Αθήνα :   |b Ακαδημία Αθηνών, Κέντρον Ερεύνης της Ελληνικής Κοινωνίας,   |c 1998 
300 |a 208 σ.;  |c 24 εκ. 
490 1 |a Δημοσιεύματα του Κέντρου Ερεύνης της Ελληνικής Κοινωνίας  |v ; 7 
651 0 |a Greece  |x History  |y 1917-1944. 
651 0 |a Greece  |x Social conditions  |y 20th century. 
710 2 |a Ακαδημία Αθηνών.   |b Κέντρον Ερεύνης της Ελληνικής Κοινωνίας. 
830 0 |a Δημοσιεύματα του Κέντρου Ερεύνης της Ελληνικής Κοινωνίας ;  |v ; 7 
852 |a INST  |b CHIOS  |e 20051031  |h 940.5 ΔΕΣ  |p 005200022070  |q 005200022070  |t BK  |y 0 
901 |a BIBL2-2005-3 
909 |a Χ  |b 112815 
970 |a ΧΑΖΙΡΗ  |b ΑΝΝΑ  |z 2005/10/26